000 01517cam a22004694i 4500
003 PE-LiUPU
005 20250731173518.0
008 150616s r 000 0 d
020 _a0849930731
035 _a(Sirsi) i9780849930737
040 _aPE-LiUPU
_bspa
_cPE-LiUPU
_erda
049 _aPRUA
082 0 4 _a248.32
_bCH65
_221
100 1 _aCho, Paul Yong-gi,
_eautor.
245 1 0 _aPrayer key to revival.
264 1 _aDallas :
_bWord Publishing,
_c1984.
300 _a184 páginas ;
_c20 centímetros
336 _atext
_2rdacontent
337 _aunmediated
_2rdamedia
338 _avolume
_2rdacarrier
490 0 _aA proven word book
505 0 _aMotivating christians to pray.- The thee types of prayer.- The forms of prayer.- Methods of prayer.
526 _aSEG42
526 _aSEG41
526 _aSEG40
526 _aSEG39
526 _aP94
526 _aP87
526 _aP86
526 _aP85
526 _aP77
526 _aP76
526 _aP35
650 0 4 _aORACION EN LA RELIGION.
910 _ajck
_bjvq
_cjck
942 _2ddc
_cBOOK
949 _a248.32 CH65
_wDEWEY
_c1
_i41825
_lCCODEBUL1
_mBUL
_r0
_sY
_tBOOK
_u2015-6-16
_xTEOLOGIA
_zUNKNOWN
_0COMPRA
_o.STAFF. Colección General
994 _aC0
_bPEPRU
596 _a1
999 _a248.32 CH65
_wDEWEY
_c59488
_i41825
_f2021-11-10
_g5
_lCCODEBUL1
_mBUL
_r0
_sY
_tBOOK
_u2015-6-16
_xTEOLOGIA
_zUNKNOWN
_0COMPRA
_o.STAFF. Colección General
_d59488
980 _81
_gALBERTO SANCHEZ Responsable de Automatización